| 000 | 00000nam 2200000zi 4500 |
| 001 | 9.929825 |
| 003 | CaOODSP |
| 005 | 20240117104211 |
| 006 | m o d f |
| 007 | cr mn||||||||| |
| 008 | 231102t20232023onca ob f000 0 fre d |
| 020 | |a9780660686615 |
| 040 | |aCaOODSP|bfre|erda|cCaOODSP |
| 043 | |an-cn--- |
| 086 | 1 |aCP104-5/2023F-PDF |
| 110 | 2 |aComité des parlementaires sur la sécurité nationale et le renseignement (Canada)|eauteur, |eorganisme de publication. |
| 245 | 10|aRapport spécial sur le mandat de la Police fédérale de la Gendarmerie royale du Canada / |cle Comite des parlementaires sur la sécurité nationale et le renseignement ; l'honorable David McGuinty, C.P., député, président. |
| 264 | 1|a[Ottawa] : |bComite des parlementaires sur la sécurité nationale et le renseignement, |c[2023] |
| 264 | 4|c©2023 |
| 300 | |a1 ressource en ligne (x, 105 pages) : |billustrations |
| 336 | |atexte|btxt|2rdacontent/fre |
| 337 | |ainformatique|bc|2rdamedia/fre |
| 338 | |aressource en ligne|bcr|2rdacarrier/fre |
| 500 | |aPublié aussi en anglais sous le titre : Special report on the federal policing mandate of the Royal Canadian Mounted Police. |
| 500 | |a« Présenté au premier ministre le 14 août 2023. Version révisée déposée au Parlement en novembre 2023. » |
| 504 | |aComprend des références bibliographiques. |
| 610 | 26|aGendarmerie royale du Canada. |
| 650 | 6|aLois|xApplication|zCanada|xÉvaluation. |
| 700 | 1 |aMcGuinty, David. |
| 775 | 08|tSpecial report on the federal policing mandate of the Royal Canadian Mounted Police / |w(CaOODSP)9.929824 |
| 856 | 40|qPDF|s2.45 Mo|uhttps://publications.gc.ca/collections/collection_2024/scps-snsi/CP104-5-2023-fra.pdf |
| 856 | 4 |qHTML|sS.O.|uhttps://www.nsicop-cpsnr.ca/reports/rp-2023-11-fp/toc-fr.html |